Clic Qui joue dans ce film Palme d'or à Cannes de 1955 à 1975 - Statistiques

Statistiques générales
  • Ce quiz a été pris 16 fois
  • Le résultat moyen est 14 sur 23
Statistiques - réponses
Hint Extra Hint Réponse % Correct
1966 - Un homme et une femme France Anouk Aimée
100%
1964 - Les parapluies de Cherbourg France Catherine Deneuve
100%
1974 - Conversation secrète Etats-Unis Gene Hackman
93%
1960 - La dolce vita Italie Marcello Mastroianni
93%
1975 - Chronique des années de braise Algérie Mohammed Lakhdar-Hamina
93%
1963 - Le Guépard Italie Burt Lancaster
80%
1970 - MASH Etats-Unis Donald Sutherland
80%
1958 - Quand passent les cigognes URSS Tatiana Samoïlova
80%
1961 - Une aussi longue absence France Georges Wilson
60%
1971 - Le Messager Royaume-Uni Julie Christie
60%
1969 - If...
Royaume-Uni Malcolm McDowell
60%
1957 - La loi du Seigneur Etats-Unis Gary Cooper
53%
1972 - L'Affaire Mattei Italie Luigi Squarzina
53%
1973 - L'Epouvantail Etats-Unis Al Pacino
47%
1955 - Marty Etats-Unis Ernest Borgnine
47%
1972 - La classe ouvrière va au paradis Italie Gian Maria Volonté
47%
1962 - La parole donnée Brésil Leonardo Villar
47%
1966 - Ces messieurs dames Italie Pietro Germi
47%
1961 - Vindiana Espagne Silvia Pinal
47%
1967 - Blow-up Italie Vanessa Redgrave
40%
1959 - Orfeu Negro France Breno Mello
33%
1973 - La Méprise Royaume-Uni Lyndon Brook
20%
1965 - Le Knack ... et comment l'avoir Royaume-Uni Rita Tushingham
20%
Aucun quiz correspondant
Distribution des résultats
% des personnes avec chaque résultat
Percentile par nombre de réponses
Votre historique - résultats
Vous n’avez pas pris ce quiz